A Monte Carlo program for quantitative electron-induced X-ray analysis of individual particles /
Đã lưu trong:
| Tác giả khác: | , , , , , |
|---|---|
| Định dạng: | Bài viết |
| Ngôn ngữ: | English |
| Những chủ đề: | |
| Các nhãn: |
Thêm thẻ
Không có thẻ, Là người đầu tiên thẻ bản ghi này!
|
| Thư viện lưu trữ: | Thư viện Trường Đại học Đà Lạt |
|---|
| LEADER | 01029nam a2200349 4500 | ||
|---|---|---|---|
| 001 | DLU090096823 | ||
| 005 | ##20091201 | ||
| 040 | # | # | |a DLU |b eng |
| 041 | # | # | |a eng |
| 044 | # | # | |a us |
| 245 | # | # | |a A Monte Carlo program for quantitative electron-induced X-ray analysis of individual particles / |c Chul-Un Ro ... [et al.]. |
| 653 | # | # | |a Accuracy |
| 653 | # | # | |a Chemical concentration |
| 653 | # | # | |a Microparticle |
| 653 | # | # | |a Monte Carlo method |
| 653 | # | # | |a X ray analysis |
| 700 | # | # | |a Grieken, Rene Van. |
| 700 | # | # | |a Hoog, Johan de. |
| 700 | # | # | |a Osan, Janos. |
| 700 | # | # | |a Ro, Chul-Un. |
| 700 | # | # | |a Szaloki, Imre. |
| 700 | # | # | |a Worobiec, Anna. |
| 773 | # | # | |t Analytical Chemistry |g Vol. 75, no. 4 (February 2003), p. 851-859 |
| 920 | # | # | |a Phòng Tạp chí -- Trung tâm Thông tin - Thư viện Trường Đại học Đà Lạt |
| 994 | # | # | |a DLU |
| 900 | # | # | |a True |
| 911 | # | # | |a Trương Bảo Trâm Anh |
| 925 | # | # | |a G |
| 926 | # | # | |a A |
| 927 | # | # | |a BB |
| 980 | # | # | |a Thư viện Trường Đại học Đà Lạt |